| 000 | 00876nam a2200253 a 4500 | ||
|---|---|---|---|
| 001 | 000008567 | ||
| 003 | DO-SdBNP | ||
| 005 | 20240322190118.0 | ||
| 008 | 090917s2000 dr 000 0 spa d | ||
| 020 | _a8492242434 | ||
| 040 |
_aDO-SdBNP _bspa _cBNPHU |
||
| 082 | 4 |
_aRD862.44 _bS489m _222 |
|
| 100 | 1 |
_aSerulle, Haffe, _d1947- _922959 |
|
| 245 | 1 | 0 |
_aMambrú de Manabao : _ben defensa del planeta / _cHaffe Serulle ; director de la edición y presentación José Serulle Ramia. |
| 260 |
_aSanto Domingo : _bFundación Ciencia y Arte, _c2000. |
||
| 300 |
_a100 p. ; _c22 cm. |
||
| 490 | 1 | _aSociedad y naturaleza | |
| 500 | _aIncluye datos biográficos del autor en las solapas | ||
| 650 | 4 |
_aDrama _922960 |
|
| 651 | 4 |
_aManabao (República Dominicana) _922961 _xDrama |
|
| 700 | 1 |
_aSerulle Ramia, José _96953 |
|
| 830 | 0 |
_aSociedad y naturaleza _922962 |
|
| 942 |
_2ddc _cLBS1 |
||
| 999 |
_c8337 _d8337 |
||